000 03150cas a22007577a 4500
005 20220329143022.0
008 001017c1940 br br pernn 0 b1por d
010 _a90759
011 _a91731
022 _a0034-737X
035 _a102294
245 0 0 _aRevista Ceres
_c/por Universidad Federal de Vicosa
260 0 _aVicosa, Minas Gerais:
_bUniversidad Federal de Vicosa
_c1940-
300 _av.
310 _aBimestral
321 _aIrregular
362 _av.52 n.299,2005.
590 _aBATCH-UPD
_b10
_c20130110
_lUCH01
_h0722
590 _aBATCH-UPD
_b10
_c20130410
_lUCH01
_h0406
590 _aBATCH-UPD
_b10
_c20130913
_lUCH01
_h2057
590 _aCONVERSION
_b10
_c20130109
_lUCH01
_h1350
650 1 4 _aAgricultura
_xInvestigación
_xBrasil
_xPublicaciones periódicas.
_91594
866 _av. 22 n. 119- v.23 n. 130 - (1975-1976)
866 _av. 24 n.131-134,136 - (1977)
866 _av. 47 n. 269 (Febrero 2000) - v. 47 n. 274 (Diciembre 2000)
866 _av. 48 n. 275 (Febrero 2000) - v. 48 n. 276 (Abril 2000)
866 _av. 48 n. 278 (Agosto 2001) - v. 51 n. 298 (Diciembre 2004)
866 _av. 52 n. 299 (Febrero 2005) - v. 52 n. 300 (Abril 2005)
866 _av. 53 n. 301 (Junio 2005) - v. 53 n. 306 (Abril 2006)
866 _av. 54 n. 307 (Junio 2006) - v. 54 n. 312 (Abril 2007)
866 _av. 55 n. 1 (Febrero 2008) - v. 56 n. 6 (Diciembre 2009)
866 _av. 55 n. 313 (Junio 2007) - v. 55 n. 316 (Diciembre 2007)
866 _av. 57 n. 1 (Febrero 2010) - v. 57 n. 3 (Junio 2010)
866 _av.1 n.5-6 - (1940)
866 _av.10 n.59 - (1958)
866 _av.11 n. 62-64 - (1960-1961)
866 _av.12 n.68- v.16 n.89 - (1964-1969)
866 _av.17 n.91-v. 19 n.106 - (1970-1972)
866 _av.2 n.9 - (1940)
866 _av.20 n. 107,109-112 - (1973)
866 _av.21 n.113-114,117-118 - (1974)
866 _av.25 n.137,140-142 - (1978)
866 _av.26 n.143-144,146-148 - (1979)
866 _av.27 n.149,151-154 - (1980)
866 _av.28 n.156-v.29 n.166 - (1981-1982)
866 _av.30 n.167 - (1983)
866 _av.31n.179- v.32 n.184 - (1984-1985)
866 _av.33 n.190 - (1986)
866 _av.34 n.191-194 - (1987)
866 _av.35 n.197-200,202 - (1988)
866 _av.36 n.203,206 - (1989)
866 _av.37 n.210-212 - (1990)
866 _av.38 n.215,218-220 - (1991)
866 _av.39 n.221-222, 225-226 - (1992)
866 _av.4 n.22 - (1943)
866 _av.40 n.227,230-231 - (1993)
866 _av.41 n.233- v.42 n.244 - (1994-1995)
866 _av.43 n.246,248-250 - (1996)
866 _av.44 n.251,253,255-256 - (1997)
866 _av.45 n.259- v.46 n.268 - (1998-1999)
866 _av.6 n.33-35 - (1945)
866 _av.7 n. 39- v.8 n.46 - (1946-1950)
866 _av.9 n.50-52 - (1952-1954)
901 _aSE
905 _aAraceli Hernández Gómez.
999 _c90759
_d90759